000 00695nam a2200193Ii 4500
003 JO-AjNU
008 230605s9999||||xx |||||||||||||| ||und||
040 _aJO-AjNU
_bara
_erda
_cJO-AjNU
041 _aara
050 1 4 _aPJ7750.B22.Z52 1989
100 3 _aتأليف أبو زيد،علي إبراهيم,
_eauthor
_911566
245 0 0 _aنثر الببغاء أبو الفرج عبد الواحد بن نصر المخزومي
264 3 1 _aالعين:دار الكتاب الجامعي،1989
300 _a456ص
336 _atext
_btxt
_2rdacontent
337 _aunmediated
_bn
_2rdamedia
338 _avolume
_bnc
_2rdacarrier
650 4 _a الأدب العربي - تاريخ ونقد
_911567
999 _aA2390
_c5958
_d5958